000 00708nam a2200289Ia 4500
005 20260324122538.0
008 008 260324s9999 xx 000 0 eng d
020 _a9780203381632
037 _aEBOOK
040 _aCRL
040 _beng
040 _cCRL
041 _2eng
041 _aeng
084 _qCRL
100 _aSabine von Mering; Timothy Wyman McCarty
_91166863
245 0 _aRight-Wing Radicalism Today
245 0 _bPerspectives from Europe and the US
260 _bTaylor and Francis
260 _c2013
365 _a
365 _b230
856 _uhttp://www.taylorfrancis.com/books/9780203381632
942 _cEBOOK
999 _c1759698
_d1759698